|
|
|
|
| LEADER |
01363nam a2200265 a 4500 |
| 001 |
GR-Patra24968 |
| 008 |
080331s2000 xxk g 000 0 eng d |
| 020 |
|
|
|a 0750645563
|
| 040 |
|
|
|a GrPaTEI
|b gre
|c GR-PaULI
|
| 040 |
|
|
|a GrPaTEI
|b gre
|c GR-PaULI
|
| 082 |
|
0 |
|a 338.4764794
|2 22
|
| 100 |
1 |
|
|a Buglear, John
|
| 245 |
1 |
0 |
|a Stats to go :
|b a guide to statistics for hospitality, leisure and tourism /
|c John Buglear.
|
| 260 |
|
|
|a Oxford :
|b Butterworth Heinemann,
|c c2000
|
| 300 |
|
|
|a viii, 280 σ. :
|b εικ., πίν.
|
| 500 |
|
|
|a Περιλαμβάνει ευρετήριο.
|
| 610 |
2 |
4 |
|a Παράρτημα Αμαλιάδος.
|b Τμήμα Εφαρμογών Πληροφορικής στη Διοίκηση και την Οικονομία
|
| 650 |
|
0 |
|a Hospitality industry
|x Statistics
|
| 650 |
|
0 |
|a Tourism
|x Statistics
|
| 650 |
|
4 |
|a Τουρισμός
|x Στατιστική
|
| 942 |
|
|
|2 ddc
|
| 952 |
|
|
|0 0
|1 0
|2 ddc
|4 0
|6 338_476479400000000_BUG
|7 0
|9 306354
|a LISK
|b LISK
|c BSC
|d 2021-01-17
|e 24
|f 0
|g 0.00
|l 0
|o 338.4764794 BUG
|p 92410038525
|r 2021-01-17 00:00:00
|t 1
|w 2021-01-17
|y BK15
|x 20080331 0 1
|x GrPaTEI
|
| 952 |
|
|
|0 0
|1 0
|2 ddc
|4 0
|6 338_476479400000000_BUG
|7 1
|9 306355
|a LISK
|b LISK
|c BSC
|d 2021-01-17
|e 24
|f 0
|g 0.00
|l 0
|o 338.4764794 BUG
|p 92410038526
|r 2021-01-17 00:00:00
|t 1
|w 2021-01-17
|y BKN
|x 20080331 0 0
|x GrPaTEI
|
| 971 |
|
|
|a .b2672540x
|b 15-04-20
|c 26-09-16
|
| 999 |
|
|
|c 177037
|d 177037
|